Loading...
| History - World | 0 | 7 | 0 | 1 | 70 | 47 | 98.57 | 0 | 4 | 0.00 | 0.00 |
| Religion | 0 | 5 | 2 | 0 | 40 | 52 | 94.80 | 1 | 2 | 0.00 | 0.00 |
| History - Other | 0 | 4 | 1 | 0 | 35 | 92 | 110.25 | 1 | 4 | 0.00 | 0.00 |
| History - European | 0 | 3 | 1 | 1 | 25 | 109 | 116.33 | 0 | 1 | 0.00 | 0.00 |
| Literature - World | 0 | 2 | 1 | 2 | 15 | 127 | 129.00 | 0 | 0 | 0.00 | 0.00 |
| Literature - American | 0 | 1 | 0 | 0 | 10 | 123 | 123.00 | 0 | 0 | 0.00 | 0.00 |
| Fine Arts - Other | 0 | 1 | 0 | 0 | 10 | 133 | 133.00 | 0 | 0 | 0.00 | 0.00 |
| Other Academic | 0 | 1 | 0 | 0 | 10 | 118 | 118.00 | 0 | 1 | 0.00 | 0.00 |
| Pop Culture | 0 | 1 | 1 | 0 | 5 | 25 | 25.00 | 0 | 1 | 0.00 | 0.00 |
| Fine Arts - Classical Music | 0 | 0 | 0 | 0 | 0 | 0.00 | 0 | 0 | 0.00 | 0.00 | |
| History - American | 0 | 2 | 4 | 0 | 0 | 98 | 101.50 | 0 | 1 | 0.00 | 0.00 |
| Philosophy | 0 | 0 | 0 | 0 | 0 | 0.00 | 0 | 0 | 0.00 | 0.00 | |
| Science - Chemistry | 0 | 0 | 0 | 0 | 0 | 0.00 | 0 | 0 | 0.00 | 0.00 | |
| Social Science | 0 | 0 | 1 | 0 | -5 | 0.00 | 0 | 0 | 0.00 | 0.00 | |
| Science - Physics | 0 | 0 | 1 | 0 | -5 | 0.00 | 0 | 0 | 0.00 | 0.00 | |
| Literature - European | 0 | 0 | 1 | 0 | -5 | 0.00 | 0 | 0 | 0.00 | 0.00 | |
| Science - Other | 0 | 0 | 2 | 0 | -10 | 0.00 | 0 | 0 | 0.00 | 0.00 |